F1 SEZON 2024 KLASYFIKACJA KIEROWCÓW - Statystyki

Ogólne statystyki
  • Ten quiz został rozwiązany 105 razy
  • Średni wynik to 16 z 20
Statystyki odpowiedzi
Miejsce Kierowca % Poprawnych
1 Max Verstappen
100%
7 Lewis Hamilton
98%
2 Lando Norris
96%
3 Charles Leclerc
95%
4 Oscar Piastri
94%
5 Carlos Sainz
90%
11 Nico Hulkenberg
83%
9 Fernando Alonso
82%
10 Pierre Gasly
82%
6 George Russell
81%
8 Sergio Perez
80%
16-17 Alexander Albon/Daniel Ricciardo
79%
22-24 Valtteri Bottas/Logan Sargeant/Jack Doohan
79%
14 Esteban Ocon
77%
20-21 Zhou Guanyu/Liam Lawson
76%
13 Lance Stroll
74%
12 Yuki Tsunoda
74%
19 Franco Colapinto
55%
15 Kevin Magnussen
51%
18 Oliver Bearman
49%
Nie znaleziono quizów pasujących do podanych kryteriów
Rozkład punktacji
Procent ludzi z każdym wynikiem
Percentyl według liczby udzielonych odpowiedzi
Twoja historia wyników
Nie rozwiązałeś tego quizu